00553nam a2200169Ia 450000500170000000800460001703700120006304000200007504100130009508400230010824500470013124500430017830000120022194200230023399900210025695201060027720250508151906.0008 250505s9999 xx 000 0 eng d aTextual aFEDLbengcFEDL aeng2eng a372.954, INDqFEDL 0aExperiments in primary and basic education 0cGovernment of India. Ministry of India aii,33p. cTEXLh372.954, IND c1332757d1332757 00104070aFEDLbFEDLd2025-05-08l0o372.954, INDpEL0014013r2025-05-08 15:19:06w2025-05-08yTEXL